[Event "C.to Provnciale NU-OR-OT"]
[Site "Siniscola ITA"]
[Date "2015.02.08"]
[Round "2"]
[White "Crapulli, Giuseppe"]
[Black "Marano, Daniele"]
[WhiteElo "1849"]
[BlackElo "1672"]
[Result "1-0"]
[PlyCount "79"]
[EventDate "2015.02.07"]

1. a3 e5 2. c4 Nc6 3. Nc3 Nge7 4. e3 g6 5. Nge2 Bg7 6. g3 d6 7. Bg2 O-O 8. O-O
Rb8 9. b4 Be6 10. d3 d5 11. cxd5 Nxd5 12. Bb2 Nce7 13. Ne4 h6 14. Nc5 Bc8 15.
e4 Nb6 16. Qc2 Nd7 17. Rfd1 b6 18. Nb3 c5 19. bxc5 bxc5 20. Rab1 Qc7 21. Rdc1
Ba6 22. Ba1 Rfc8 23. Bh3 f5 24. d4 Bxe2 25. Qxe2 exd4 26. exf5 Nxf5 27. Qe6+
Kh8 28. Qxg6 Ne7 29. Qe4 Nf6 30. Qc2 Rd8 31. Nxd4 Rxb1 32. Rxb1 Qa5 33. Ne6 Rd2
34. Rb8+ Neg8 35. Qg6 Rd7 36. Nxg7 Qe1+ 37. Kg2 Rd1 38. Qxh6+ Nh7 39. Nf5+ Rd4
40. Qg7# 1-0

[Event "C.to Provnciale NU-OR-OT"]
[Site "Siniscola ITA"]
[Date "2015.02.08"]
[Round "2"]
[White "Moro, Gabriel"]
[Black "Pannella, Maria Cristina"]
[WhiteElo "1479"]
[BlackElo "1435"]
[Result "0-1"]
[PlyCount "74"]
[EventDate "2015.02.07"]

1. e4 e5 2. Nf3 Nc6 3. Bc4 Bc5 4. d3 Nf6 5. Bg5 h6 6. Bh4 g5 7. Bg3 d6 8. h3
Qe7 9. Nc3 Bd7 10. Na4 O-O-O 11. Nxc5 dxc5 12. Bb5 Nd4 13. Bxd7+ Nxd7 14. Nxd4
cxd4 15. Qd2 f6 16. O-O Rdg8 17. c3 h5 18. cxd4 exd4 19. Rac1 Ne5 20. Rxc7+
Kxc7 21. Rc1+ Kb8 22. Rc4 h4 23. Bh2 g4 24. hxg4 Rxg4 25. f3 Rgg8 26. Rxd4 h3
27. g4 Ka8 28. Qf2 Qg7 29. Ra4 b6 30. Kf1 Qb7 31. d4 Rc8 32. Qe2 Rc1+ 33. Kf2
Rhc8 34. Qb5 R8c2+ 35. Kg3 Nxf3 36. Kxf3 Rxh2 37. d5 Rcc2 0-1

[Event "C.to Provnciale NU-OR-OT"]
[Site "Siniscola ITA"]
[Date "2015.02.08"]
[Round "2"]
[White "Olivieri, Guglielmo"]
[Black "Telch, Ettore"]
[WhiteElo "1569"]
[BlackElo "1440"]
[Result "1-0"]
[PlyCount "83"]
[EventDate "2015.02.07"]

1. e4 e6 2. d4 Nf6 3. Bd3 Nc6 4. Nf3 d6 5. O-O g6 6. a3 Bg7 7. c3 O-O 8. Bg5
Re8 9. e5 dxe5 10. dxe5 Nxe5 11. Nxe5 Qd5 12. Nf3 Nh5 13. Qc2 Qd6 14. Rd1 Qf8
15. Nbd2 b6 16. Ne4 Bb7 17. g4 Bh6 18. gxh5 Bxg5 19. Nfxg5 f5 20. Ng3 Qf6 21.
Qc1 h6 22. Nh3 g5 23. Bf1 Rab8 24. Bg2 c6 25. Rd7 g4 26. Nf4 Rbd8 27. Rxb7 e5
28. Ng6 f4 29. Ne4 Qf5 30. Ne7+ Rxe7 31. Rxe7 Rf8 32. Qc2 Kh8 33. Rd1 f3 34.
Rdd7 a6 35. Rh7+ Qxh7 36. Rxh7+ Kxh7 37. Bf1 Kg7 38. Bxa6 Rf5 39. Nd6 Rxh5 40.
Qe4 Kf6 41. Bd3 Ke6 42. Qg6+ 1-0

[Event "C.to Provnciale NU-OR-OT"]
[Site "Siniscola ITA"]
[Date "2015.02.08"]
[Round "2"]
[White "Pannella, Antonello"]
[Black "Pinna, Gianfranco"]
[WhiteElo "1662"]
[BlackElo "1440"]
[Result "1/2-1/2"]
[PlyCount "109"]
[EventDate "2015.02.07"]

1. c4 c5 2. Nc3 Nf6 3. g3 e6 4. e4 d5 5. exd5 exd5 6. cxd5 Nxd5 7. Qa4+ Nc6 8.
Qe4+ Be6 9. Bg2 Nxc3 10. dxc3 Be7 11. Ne2 O-O 12. O-O Bf6 13. Be3 Qe7 14. Rfd1
Rfd8 15. Qc2 Rxd1+ 16. Rxd1 Rd8 17. Bxc6 Rxd1+ 18. Qxd1 bxc6 19. Qa4 Bd5 20.
Nf4 Bf3 21. Qb3 Be5 22. Nd3 h6 23. Nxe5 Qxe5 24. h3 Qe4 25. Qb8+ Kh7 26. Qf4
Qb1+ 27. Bc1 Bd5 28. a3 Qc2 29. f3 Qd1+ 30. Kg2 Qe2+ 31. Kg1 f6 32. Qf5+ Kg8
33. Qc8+ Kf7 34. Qd7+ Kg8 35. Qc8+ Kh7 36. Qf5+ Kh8 37. Qc8+ Bg8 38. Bxh6 gxh6
39. Qxc6 Qe5 40. Kf2 Bd5 41. Qc8+ Kg7 42. Qd7+ Kg6 43. Qa4 Qf5 44. Qg4+ Qxg4
45. hxg4 Kg5 46. b4 cxb4 47. axb4 a6 48. Ke3 f5 49. gxf5 Kxf5 50. Kf2 h5 51.
g4+ hxg4 52. fxg4+ Kxg4 53. Ke3 Kf5 54. Kd4 Ke6 55. Kc5 1/2-1/2

[Event "C.to Provnciale NU-OR-OT"]
[Site "Siniscola ITA"]
[Date "2015.02.08"]
[Round "2"]
[White "Profera, Antonino"]
[Black "Passalacqua, Tullio"]
[WhiteElo "1446"]
[BlackElo "1627"]
[Result "0-1"]
[PlyCount "105"]
[EventDate "2015.02.07"]

1. e4 e6 2. Nf3 d5 3. e5 c5 4. d4 cxd4 5. Nxd4 Bd7 6. Nd2 Nc6 7. N2f3 Bc5 8.
Be3 Nxd4 9. Bxd4 Rc8 10. Bd3 Ne7 11. O-O Bxd4 12. Nxd4 Qb6 13. Nb3 Nc6 14. Re1
Nb4 15. a3 Nxd3 16. Qxd3 Bb5 17. Qd2 Rc4 18. Qa5 Rxc2 19. Qxb6 axb6 20. Nd4
Rxb2 21. Rab1 Rxb1 22. Rxb1 Ba6 23. Rxb6 O-O 24. f3 Rc8 25. a4 Rc4 26. Nb3 Rxa4
27. Nc5 Ra1+ 28. Kf2 Ra2+ 29. Kg3 g6 30. Nxb7 Bf1 31. Kf4 Bxg2 32. Kg5 Bxf3 33.
Kf6 Rf2 34. Ke7 g5 35. Nd6 Bh5 36. Rb8+ Kg7 37. Ne8+ Kh6 38. Nf6 Rf1 39. Rh8
Bg6 40. Ng4+ Kh5 41. Nf6+ Kh4 42. Nxh7 Bxh7 43. Rxh7+ Kg4 44. h3+ Kg3 45. Rxf7
Rxf7+ 46. Kxf7 d4 47. Kxe6 d3 48. Kf6 d2 49. e6 d1=Q 50. e7 Qe2 51. Kf7 Kxh3
52. e8=Q Qxe8+ 53. Kxe8 0-1

[Event "C.to Provnciale NU-OR-OT"]
[Site "Siniscola ITA"]
[Date "2015.02.08"]
[Round "2"]
[White "Sonis, Cesare"]
[Black "Corbo, Giuseppe"]
[WhiteElo "1303"]
[BlackElo "1468"]
[Result "1-0"]
[PlyCount "105"]
[EventDate "2015.02.07"]

1. e4 e5 2. Nf3 Nc6 3. Nc3 Nf6 4. d4 exd4 5. Nxd4 Bb4 6. Nxc6 Bxc3+ 7. bxc3
bxc6 8. f3 h6 9. Ba3 d6 10. Bd3 O-O 11. O-O c5 12. Rb1 Be6 13. c4 Nd7 14. f4
Nb6 15. f5 Bxc4 16. Bxc4 Nxc4 17. Bc1 Re8 18. Re1 Qd7 19. Qg4 g5 20. h4 Ne5 21.
Qg3 f6 22. hxg5 Qg7 23. g6 Kf8 24. Qh3 Nf7 25. gxf7 Qxf7 26. Qxh6+ Ke7 27. Ra1
Rh8 28. Qg6 Qh7 29. Qxh7+ Rxh7 30. Kf2 Kd7 31. Bb2 Rf7 32. Bc3 Kc6 33. Rab1 a6
34. Rh1 Re8 35. Kf3 d5 36. exd5+ Kxd5 37. Rbd1+ Kc4 38. Ba1 Rfe7 39. Rh4+ Kb5
40. Rb1+ Kc6 41. Rf4 Re3+ 42. Kf2 Re2+ 43. Kg1 Rd8 44. Rf2 Rxf2 45. Kxf2 Rd2+
46. Kg3 Rxc2 47. Rf1 Rxa2 48. Bxf6 Ra4 49. Bg7 Re4 50. f6 Re6 51. Kh2 Rxf6 52.
Bxf6 c4 53. g4 1-0

[Event "C.to Provnciale NU-OR-OT"]
[Site "Siniscola ITA"]
[Date "2015.02.08"]
[Round "2"]
[White "Sonis, Francesco"]
[Black "Battasi, Antonio Domenico"]
[WhiteElo "2173"]
[BlackElo "1731"]
[Result "1-0"]
[PlyCount "73"]
[EventDate "2015.02.07"]

1. Nf3 Nf6 2. g3 g6 3. Bg2 Bg7 4. O-O d6 5. d4 c6 6. c4 O-O 7. Nc3 Nbd7 8. b3
e5 9. Bb2 Re8 10. e4 a6 11. d5 c5 12. Ne1 Nf8 13. Nd3 N6d7 14. a3 h6 15. Qc2
Nh7 16. b4 b6 17. Bc1 Ndf8 18. Rb1 Bd7 19. Be3 Ng5 20. h4 Ngh7 21. a4 Nf6 22.
a5 Ng4 23. axb6 Nxe3 24. fxe3 cxb4 25. Rxb4 Rb8 26. Rfb1 Rb7 27. c5 dxc5 28.
Nxc5 Bc8 29. Nxb7 Bxb7 30. Na4 Nd7 31. Rc4 Qb8 32. Rc7 Rd8 33. Bh3 Nf8 34. Nc5
Bc8 35. Bxc8 Rxc8 36. Rxc8 Qxc8 37. b7 1-0

[Event "C.to Provnciale NU-OR-OT"]
[Site "Siniscola ITA"]
[Date "2015.02.08"]
[Round "2"]
[White "Sonis, Luca"]
[Black "Buchicchio, Alessandro"]
[WhiteElo "1687"]
[BlackElo "1901"]
[Result "0-1"]
[PlyCount "78"]
[EventDate "2015.02.07"]

1. e4 c5 2. Nc3 Nc6 3. Nf3 d6 4. Bc4 e6 5. O-O Be7 6. d4 cxd4 7. Nxd4 Bd7 8.
Be3 Nf6 9. f4 O-O 10. Ndb5 Be8 11. Bd4 a6 12. Bxf6 Bxf6 13. Na3 Qb6+ 14. Kh1
Qxb2 15. e5 Qxa3 16. exf6 Qxc3 17. fxg7 Qxg7 18. Rf3 Qd4 19. Bd3 f5 20. Rb1 b5
21. c3 Qf6 22. Qe2 Kh8 23. Re3 Bd7 24. a3 e5 25. Rf1 e4 26. Bc2 Be6 27. Rd1 Bc4
28. Qf2 d5 29. Rh3 Rad8 30. Qb6 Rf7 31. a4 Rb8 32. Qc5 b4 33. cxb4 Rxb4 34. Re1
d4 35. g4 fxg4 36. Rg3 Qe6 37. Rxe4 Qd5 38. Qxd5 Bxd5 39. Rxg4 d3 0-1

[Event "C.to Provnciale NU-OR-OT"]
[Site "Siniscola ITA"]
[Date "2015.02.08"]
[Round "2"]
[White "Spiga, Sandro"]
[Black "Talu, Alessandro"]
[WhiteElo "1440"]
[BlackElo "1551"]
[Result "0-1"]
[PlyCount "62"]
[EventDate "2015.02.07"]

1. e4 e5 2. Nf3 Nc6 3. Bc4 Nf6 4. Nc3 Bc5 5. d3 d6 6. Bg5 h6 7. Bh4 g5 8. Bg3
Bg4 9. Qd2 Qd7 10. Nd5 Nxd5 11. exd5 Nd4 12. Nxd4 Bxd4 13. O-O O-O-O 14. c3 Bb6
15. a4 a6 16. a5 Ba7 17. b4 f5 18. h3 Bh5 19. Kh1 g4 20. hxg4 Bxg4 21. Rab1 Qf7
22. b5 Qh5+ 23. Bh2 Bf3 24. Rg1 Rhg8 25. d4 Rg5 26. Bf1 Rdg8 27. Qe3 Bxd5 28.
Be2 Qh4 29. Rbf1 exd4 30. cxd4 Bxd4 31. Qh3 Qxh3 0-1

[Event "C.to Provnciale NU-OR-OT"]
[Site "Siniscola ITA"]
[Date "2015.02.08"]
[Round "3"]
[White "Battasi, Antonio Domenico"]
[Black "Bellu, Marco"]
[WhiteElo "1731"]
[BlackElo "1781"]
[Result "1/2-1/2"]
[PlyCount "66"]
[EventDate "2015.02.07"]

1. e4 c5 2. Nf3 Nc6 3. d3 g6 4. g3 Bg7 5. Bg2 d6 6. c3 Nf6 7. O-O O-O 8. Re1 e5
9. Nbd2 Nh5 10. Nf1 Kh8 11. Ne3 Nf6 12. h3 h5 13. Nh2 Bh6 14. g4 hxg4 15. hxg4
Kg7 16. Nef1 Bxc1 17. Rxc1 Be6 18. b3 Rh8 19. Ne3 Qd7 20. f3 Rh7 21. Nhf1 Rah8
22. Rc2 b5 23. Rd2 b4 24. c4 Nd4 25. Nc2 Nxc2 26. Rxc2 a5 27. Ne3 Ra8 28. Qe2
a4 29. Rf1 a3 30. Nd5 Bxd5 31. cxd5 Re8 32. Qf2 g5 33. Qe3 Kg6 1/2-1/2

[Event "C.to Provnciale NU-OR-OT"]
[Site "Siniscola ITA"]
[Date "2015.02.08"]
[Round "3"]
[White "Corbo, Giuseppe"]
[Black "Spiga, Sandro"]
[WhiteElo "1468"]
[BlackElo "1440"]
[Result "1/2-1/2"]
[PlyCount "46"]
[EventDate "2015.02.07"]

1. e4 e5 2. Nf3 Nc6 3. d4 Bb4+ 4. c3 Bd6 5. d5 Nce7 6. c4 Nf6 7. Nc3 Ng6 8. Be3
Bb4 9. Bd3 d6 10. Qb3 a5 11. a3 Bxc3+ 12. Qxc3 O-O 13. c5 Re8 14. O-O Ng4 15.
Bg5 f6 16. Bd2 Nf4 17. Bxf4 exf4 18. c6 b6 19. h3 Ne5 20. Bc2 Ba6 21. Rfe1 g5
22. Nd4 Bc8 23. g3 Qe7 1/2-1/2

[Event "C.to Provnciale NU-OR-OT"]
[Site "Siniscola ITA"]
[Date "2015.02.08"]
[Round "3"]
[White "Di Pinto, Vincenzo"]
[Black "Carta, Francesco"]
[WhiteElo "1633"]
[BlackElo "1658"]
[Result "0-1"]
[PlyCount "120"]
[EventDate "2015.02.07"]

1. d4 Nf6 2. Nf3 e6 3. Bf4 c5 4. e3 Nc6 5. Be2 Qb6 6. b3 d5 7. O-O Be7 8. h3
O-O 9. Nc3 a6 10. Na4 Qa7 11. dxc5 Ne4 12. Nd4 Bd7 13. Nb6 Nxc5 14. Nxa8 Rxa8
15. Nxc6 Bxc6 16. Be5 f6 17. Bb2 b5 18. Bf3 Rd8 19. b4 Na4 20. Bd4 Qb7 21. Rb1
e5 22. Ba1 Nb6 23. c3 Nc4 24. Qc1 e4 25. Be2 Ne5 26. Qc2 f5 27. Rbd1 Nc4 28.
Bxc4 bxc4 29. Bb2 Qd7 30. Qe2 Qe8 31. Kh1 h5 32. Rg1 Bd6 33. g3 g6 34. g4 Qe5
35. Rg2 hxg4 36. hxg4 Kf7 37. f4 exf3 38. Qxf3 Rh8+ 39. Kg1 Qe4 40. Qxe4 fxe4
41. Rf1+ Ke6 42. Kf2 Rf8+ 43. Ke2 Rxf1 44. Kxf1 Kf6 45. g5+ Kf5 46. Ba3 Bb5 47.
Rd2 Ke5 48. Bc1 Be7 49. Rg2 Bd7 50. Bd2 Bh3 51. Kf2 Bxg2 52. Kxg2 Kf5 53. a4
Bxg5 54. b5 axb5 55. axb5 Ke6 56. Kg3 Kd7 57. Bc1 Kc7 58. Kg4 Bf6 59. Bb2 Kb6
60. Kg3 Kxb5 0-1

[Event "C.to Provnciale NU-OR-OT"]
[Site "Siniscola ITA"]
[Date "2015.02.08"]
[Round "3"]
[White "Le Creurer, Kilian"]
[Black "Sonis, Francesco"]
[WhiteElo "1800"]
[BlackElo "2173"]
[Result "0-1"]
[PlyCount "124"]
[EventDate "2015.02.07"]

1. c4 Nf6 2. Nc3 e6 3. g3 d5 4. Bg2 Be7 5. cxd5 exd5 6. d3 O-O 7. Nf3 b6 8. e3
Bb7 9. O-O c5 10. Bd2 Nbd7 11. Rc1 Re8 12. Ne2 Bd6 13. a3 Rc8 14. Re1 Rc7 15.
Bc3 Qa8 16. Bxf6 Nxf6 17. d4 Rce7 18. Qd3 Ne4 19. Nh4 g6 20. Nf3 c4 21. Qc2 Qc8
22. Nc3 Nxc3 23. Qxc3 a5 24. h4 Qc7 25. Qd2 b5 26. Qd1 b4 27. a4 Qd7 28. h5 b3
29. hxg6 hxg6 30. Ra1 Bb4 31. Ne5 Qc7 32. Rf1 Kg7 33. Qg4 Qb6 34. Qg5 c3 35.
bxc3 Bxc3 36. Rab1 b2 37. Ng4 f5 38. Qh6+ Kg8 39. Ne5 Rxe5 40. dxe5 Bxe5 41.
Rfd1 Rd8 42. Qg5 Kf7 43. e4 Bf6 44. Qf4 fxe4 45. Rd2 Kg8 46. Bf1 Rf8 47. Qg4
Bc3 48. Rc2 Bd4 49. Kh1 Rxf2 50. Rxf2 Bxf2 51. Qd7 Bd4 52. Qe8+ Kh7 53. Bh3 Bg7
54. Be6 Qc6 55. Bg8+ Kh6 56. Qe7 Qc1+ 57. Kh2 Qc2+ 58. Kh3 Bc8+ 59. Be6 Bxe6+
60. g4 Bxg4+ 61. Kxg4 Qg2+ 62. Kh4 g5+ 0-1

[Event "C.to Provnciale NU-OR-OT"]
[Site "Siniscola ITA"]
[Date "2015.02.08"]
[Round "3"]
[White "Marano, Daniele"]
[Black "Olivieri, Guglielmo"]
[WhiteElo "1672"]
[BlackElo "1569"]
[Result "1-0"]
[PlyCount "55"]
[EventDate "2015.02.07"]

1. e4 e5 2. Nf3 Nc6 3. Bb5 Nge7 4. O-O g6 5. c3 Bg7 6. d4 O-O 7. Re1 h6 8. Ba4
d6 9. h3 exd4 10. cxd4 Bd7 11. Nc3 Re8 12. Be3 f5 13. Bb3+ Kh7 14. Qd2 Na5 15.
Bc2 Nc4 16. Qe2 Nxe3 17. Qxe3 fxe4 18. Nxe4 Bc6 19. Neg5+ hxg5 20. Nxg5+ Kg8
21. Qe6+ Kh8 22. Nf7+ Kh7 23. Nxd8 Raxd8 24. Qg4 Kg8 25. Bxg6 Bd7 26. Qh5 Nxg6
27. Qxg6 Rf8 28. Re7 1-0

[Event "C.to Provnciale NU-OR-OT"]
[Site "Siniscola ITA"]
[Date "2015.02.08"]
[Round "3"]
[White "Pannella, Maria Cristina"]
[Black "Pannella, Antonello"]
[WhiteElo "1435"]
[BlackElo "1662"]
[Result "0-1"]
[PlyCount "62"]
[EventDate "2015.02.07"]

1. e4 e6 2. d4 d5 3. Nc3 Bb4 4. e5 c5 5. a3 Bxc3+ 6. bxc3 Qa5 7. Bd2 Ne7 8. Qg4
Ng6 9. Nf3 Bd7 10. Bd3 c4 11. Bxg6 hxg6 12. Ng5 Nc6 13. Qf3 Rf8 14. h4 Qa4 15.
Ra2 Qb5 16. Ke2 Nxd4+ 17. cxd4 c3+ 18. Ke3 cxd2 19. Kxd2 Qc4 20. Rb2 Qxd4+ 21.
Kc1 b6 22. Qg3 Qc5 23. h5 O-O-O 24. Qf3 Qe7 25. Qc3+ Kb7 26. Nf3 Rc8 27. Qa5
Rc5 28. Qb4 Rfc8 29. Ne1 Qg5+ 30. f4 Qf5 31. Nd3 Qxd3 0-1

[Event "C.to Provnciale NU-OR-OT"]
[Site "Siniscola ITA"]
[Date "2015.02.08"]
[Round "3"]
[White "Passalacqua, Tullio"]
[Black "Sonis, Luca"]
[WhiteElo "1627"]
[BlackElo "1687"]
[Result "1-0"]
[PlyCount "81"]
[EventDate "2015.02.07"]

1. d4 d5 2. Nf3 Nf6 3. c4 dxc4 4. a4 e6 5. e3 Bb4+ 6. Nc3 Nd5 7. Bd2 Bxc3 8.
bxc3 O-O 9. Bxc4 Nc6 10. O-O Nb6 11. Bd3 Re8 12. Qc2 h6 13. Be4 e5 14. Bxc6
bxc6 15. Nxe5 c5 16. Rfd1 Bb7 17. a5 Nd5 18. Qb3 Rb8 19. e4 cxd4 20. cxd4 f6
21. exd5 fxe5 22. d6+ Kh8 23. dxe5 cxd6 24. Bf4 d5 25. e6 Bc6 26. Bxb8 Qxb8 27.
Qxb8 Rxb8 28. Rab1 Re8 29. Re1 a6 30. Rbc1 Bb5 31. Rc5 d4 32. Rd5 d3 33. e7 Kg8
34. f3 Kf7 35. Kf2 g6 36. g3 Rxe7 37. Rxe7+ Kxe7 38. Rxb5 axb5 39. a6 b4 40. a7
d2 41. Ke2 1-0

[Event "C.to Provnciale NU-OR-OT"]
[Site "Siniscola ITA"]
[Date "2015.02.08"]
[Round "3"]
[White "Pinna, Gianfranco"]
[Black "Moro, Gabriel"]
[WhiteElo "1440"]
[BlackElo "1479"]
[Result "1-0"]
[PlyCount "87"]
[EventDate "2015.02.07"]

1. e4 e5 2. Nf3 Nc6 3. Bb5 a6 4. Ba4 Nf6 5. O-O Be7 6. Re1 b5 7. Bb3 O-O 8. c3
d5 9. d4 Nxe4 10. Nxe5 Nxe5 11. dxe5 c6 12. Nd2 Bf5 13. Nxe4 Bxe4 14. f3 Bc5+
15. Be3 Bxe3+ 16. Rxe3 Qg5 17. Qe2 Bf5 18. Rf1 Qe7 19. g4 Be6 20. Bc2 Rad8 21.
Qd3 g6 22. Qd4 h5 23. Qf4 g5 24. Qf6 Qxf6 25. exf6 Ra8 26. Re5 Rfc8 27. Rxg5+
Kf8 28. Rxh5 Ke8 29. Rh8+ Kd7 30. Rxc8 Rxc8 31. Kg2 Kd6 32. Kg3 Rh8 33. h4 Ke5
34. g5 Kd6 35. f4 c5 36. Re1 b4 37. f5 Bd7 38. Kg4 a5 39. h5 c4 40. g6 fxg6 41.
hxg6 Rh2 42. Bb1 Rg2+ 43. Kh5 Rh2+ 44. Kg5 1-0

[Event "C.to Provnciale NU-OR-OT"]
[Site "Siniscola ITA"]
[Date "2015.02.08"]
[Round "3"]
[White "Talu, Alessandro"]
[Black "Sonis, Cesare"]
[WhiteElo "1551"]
[BlackElo "1303"]
[Result "0-1"]
[PlyCount "136"]
[EventDate "2015.02.07"]

1. e4 e5 2. Nf3 Nc6 3. Bb5 Nf6 4. O-O a6 5. Ba4 Bc5 6. Re1 O-O 7. c3 Na5 8. b4
b5 9. Bc2 Bxf2+ 10. Kxf2 Nc4 11. d3 Ng4+ 12. Kg1 Nd6 13. Bg5 f6 14. Bb3+ Kh8
15. Bh4 c6 16. h3 Qb6+ 17. Kh1 Nf2+ 18. Bxf2 Qxf2 19. Nbd2 Bb7 20. Rf1 Qg3 21.
Qe1 Qg6 22. Nh4 Qe8 23. Nf5 Nxf5 24. Rxf5 d5 25. Qe3 Qe6 26. Raf1 Qd6 27. Qc5
Qxc5 28. bxc5 Bc8 29. R5f3 a5 30. a3 Be6 31. d4 a4 32. Ba2 exd4 33. cxd4 dxe4
34. Nxe4 Bxa2 35. Nd6 Bd5 36. Re3 Rab8 37. Rb1 h6 38. Kh2 f5 39. Ree1 f4 40.
Rf1 f3 41. g3 Kh7 42. Rf2 h5 43. g4 hxg4 44. hxg4 Kg6 45. Kg3 Kg5 46. Re1 Kh6
47. Nf5+ Kg6 48. Ne7+ Kf6 49. Nxd5+ cxd5 50. Rxf3+ Kg6 51. Re6+ Rf6 52. Rfxf6+
gxf6 53. Rd6 b4 54. axb4 Rxb4 55. Rb6 Rxd4 56. c6 Rc4 57. Ra6 d4 58. Kf3 d3 59.
c7 Rxc7 60. Rxa4 Rd7 61. Ra1 d2 62. Rd1 Kg5 63. Ke3 Kxg4 64. Rxd2 Rxd2 65. Kxd2
Kg3 66. Ke1 Kg2 67. Ke2 f5 68. Ke3 Kg3 0-1

[Event "C.to Provnciale NU-OR-OT"]
[Site "Siniscola ITA"]
[Date "2015.02.08"]
[Round "3"]
[White "Telch, Ettore"]
[Black "Profera, Antonino"]
[WhiteElo "1440"]
[BlackElo "1446"]
[Result "0-1"]
[PlyCount "62"]
[EventDate "2015.02.07"]

1. e3 d5 2. d4 e6 3. Nc3 Bd7 4. Nf3 Nf6 5. Bd3 Bb4 6. Bd2 Bxc3 7. Bxc3 Nc6 8.
O-O O-O 9. a3 a5 10. Ne5 Nxe5 11. dxe5 Ne4 12. Bd4 b6 13. b3 c5 14. Bb2 b5 15.
c4 bxc4 16. bxc4 dxc4 17. Bxe4 Rb8 18. Bc3 a4 19. Qc2 Qh4 20. Bf3 Qd8 21. Bd2
Bb5 22. Rfe1 Qd3 23. Qc3 Rfd8 24. Be2 Qxd2 25. Qxd2 Rxd2 26. Rab1 Rdd8 27. Bxc4
Bxc4 28. Rxb8 Rxb8 29. g3 g6 30. Rc1 Bd5 31. Rxc5 Rb1+ 0-1

[Event "C.to Provnciale NU-OR-OT"]
[Site "Siniscola ITA"]
[Date "2015.02.14"]
[Round "4"]
[White "Moro, Gabriel"]
[Black "Telch, Ettore"]
[WhiteElo "1479"]
[BlackElo "1440"]
[Result "1-0"]
[PlyCount "55"]
[EventDate "2015.02.07"]

1. c4 Nf6 2. Nf3 g6 3. d4 Bg7 4. g3 O-O 5. Nc3 d6 6. Bg2 c6 7. e4 Nbd7 8. O-O
a6 9. b4 b5 10. c5 d5 11. e5 Ne4 12. Nxe4 dxe4 13. Ng5 f6 14. Ne6 Qe8 15. Nc7
Qf7 16. Nxa8 Rd8 17. Nc7 Nxe5 18. Bxe4 Bb7 19. Qb3 Nc4 20. Be3 Rd7 21. Nxa6
Bxa6 22. Bxc6 Rd8 23. a4 Rb8 24. axb5 Bb7 25. Bxb7 Rxb7 26. Ra8+ Bf8 27. Bh6 g5
28. Qxc4 1-0

[Event "C.to Provnciale NU-OR-OT"]
[Site "Siniscola ITA"]
[Date "2015.02.14"]
[Round "4"]
[White "Pinna, Gianfranco"]
[Black "Passalacqua, Tullio"]
[WhiteElo "1440"]
[BlackElo "1627"]
[Result "0-1"]
[PlyCount "90"]
[EventDate "2015.02.07"]

1. e4 e6 2. Nf3 d5 3. exd5 exd5 4. d4 Bd6 5. Bd3 Nf6 6. O-O O-O 7. Bg5 Bg4 8.
Nbd2 Nbd7 9. c3 h6 10. Bh4 c6 11. Qc2 Qc7 12. Rfe1 Rfe8 13. h3 Bxf3 14. Nxf3 g5
15. Nxg5 hxg5 16. Bxg5 Bf4 17. Bh4 Rxe1+ 18. Rxe1 Re8 19. Rxe8+ Nxe8 20. Qe2
Nef6 21. g3 Bh6 22. Qe7 Bf8 23. Qe3 Qd6 24. Bg5 Qe6 25. Kg2 Qxe3 26. Bxe3 Ne4
27. f3 Nd6 28. b3 Nb5 29. c4 dxc4 30. bxc4 Nc3 31. Bf5 Nb6 32. c5 Nbd5 33. Bg5
Nxa2 34. h4 Bg7 35. Bc8 b6 36. Bb7 Nab4 37. Bd2 Bxd4 38. cxb6 Bxb6 39. g4 a5
40. f4 Be3 41. Bxe3 Nxe3+ 42. Kf3 Ned5 43. Bc8 a4 44. Bf5 a3 45. Bb1 Nc3 0-1

[Event "C.to Provnciale NU-OR-OT"]
[Site "Siniscola ITA"]
[Date "2015.02.14"]
[Round "4"]
[White "Profera, Antonino"]
[Black "Talu, Alessandro"]
[WhiteElo "1446"]
[BlackElo "1551"]
[Result "0-1"]
[PlyCount "82"]
[EventDate "2015.02.07"]

1. e4 e5 2. Nf3 Nc6 3. Bc4 Nf6 4. d3 Bc5 5. O-O d6 6. Ng5 O-O 7. Be3 h6 8. Nf3
Bg4 9. h3 Bh5 10. Nc3 Nd4 11. Bxd4 Bxd4 12. Qe1 Bb6 13. a4 a6 14. a5 Ba7 15.
Nh4 Nh7 16. Nf5 Kh8 17. Kh1 Ng5 18. f4 exf4 19. Rxf4 Ne6 20. Bxe6 fxe6 21. Qh4
Qg5 22. Qxg5 hxg5 23. Rff1 exf5 24. exf5 Rae8 25. Nd5 c6 26. Nc7 Re2 27. Rac1
Bf7 28. f6 gxf6 29. Rxf6 Kg7 30. Rf5 Re5 31. Rf3 Re7 32. Nxa6 bxa6 33. Rcf1
Rfe8 34. c3 Bd5 35. Rg3 Be3 36. h4 Kh6 37. Rf6+ Kh5 38. Rh3 gxh4 39. c4 Bg5 40.
Rxd6 Re1+ 41. Kh2 Bf4+ 0-1

[Event "C.to Provnciale NU-OR-OT"]
[Site "Siniscola ITA"]
[Date "2015.02.14"]
[Round "4"]
[White "Sonis, Cesare"]
[Black "Marano, Daniele"]
[WhiteElo "1303"]
[BlackElo "1672"]
[Result "0-1"]
[PlyCount "86"]
[EventDate "2015.02.07"]

1. d4 Nf6 2. e3 b6 3. c3 Bb7 4. Nf3 e6 5. Bd3 d5 6. O-O Bd6 7. Qe2 Nbd7 8. Nbd2
O-O 9. e4 dxe4 10. Nxe4 Nxe4 11. Bxe4 Bxe4 12. Qxe4 Nf6 13. Qh4 Nd5 14. Qg4 f5
15. Qg5 Qxg5 16. Bxg5 h6 17. Bd2 Rf6 18. Rae1 Rd8 19. Ne5 c5 20. Nc6 Rd7 21.
Ne5 Rc7 22. Rc1 Ne7 23. f4 Rf8 24. g3 Rfc8 25. Kg2 cxd4 26. cxd4 Rc2 27. Rxc2
Rxc2 28. Rd1 Bxe5 29. fxe5 Nd5 30. Kf3 Rxb2 31. a4 g5 32. h3 Kf7 33. g4 Rb3+
34. Kg2 Rd3 35. gxf5 Ne3+ 36. Bxe3 Rxd1 37. f6 Ra1 38. Kf3 Rxa4 39. h4 gxh4 40.
Bxh6 h3 41. Bf4 Ra2 42. d5 h2 43. dxe6+ Kxe6 0-1

[Event "C.to Provnciale NU-OR-OT"]
[Site "Siniscola ITA"]
[Date "2015.02.14"]
[Round "4"]
[White "Sonis, Francesco"]
[Black "Buchicchio, Alessandro"]
[WhiteElo "2173"]
[BlackElo "1901"]
[Result "1-0"]
[PlyCount "59"]
[EventDate "2015.02.07"]

1. e4 c5 2. Nf3 e6 3. c3 d5 4. exd5 Qxd5 5. d4 Nf6 6. Be3 b6 7. Bd3 Be7 8. O-O
O-O 9. Nbd2 Bb7 10. h3 Rd8 11. Qe2 Nbd7 12. Rfd1 Rac8 13. Nf1 Qc6 14. Bf4 Nd5
15. Bg3 c4 16. Be4 Nxc3 17. Bxh7+ Kxh7 18. bxc3 Qe4 19. Ne3 Kg8 20. Qb2 Qc6 21.
a4 Bd6 22. Bh4 Re8 23. Qb5 Qxb5 24. axb5 Bb8 25. Bg3 Bxf3 26. gxf3 e5 27. Kg2
exd4 28. Rxd4 Be5 29. Rxd7 Bxc3 30. Rc1 1-0

[Event "C.to Provnciale NU-OR-OT"]
[Site "Siniscola ITA"]
[Date "2015.02.14"]
[Round "4"]
[White "Sonis, Luca"]
[Black "Battasi, Antonio Domenico"]
[WhiteElo "1687"]
[BlackElo "1731"]
[Result "1-0"]
[PlyCount "87"]
[EventDate "2015.02.07"]

1. e4 e5 2. Nf3 Nc6 3. Nc3 Nf6 4. Bc4 Be7 5. O-O d6 6. h3 O-O 7. d3 Na5 8. Bb3
Nxb3 9. axb3 c6 10. Be3 a6 11. Na4 Nd7 12. Nc3 f5 13. exf5 Rxf5 14. d4 Qf8 15.
Ne4 exd4 16. Nxd4 Re5 17. Ng3 Bf6 18. Qf3 Re8 19. Rab1 Ne5 20. Qd1 Qf7 21. Nf3
d5 22. Re1 Bd7 23. Nd4 Qg6 24. Qh5 c5 25. Qxg6 Nxg6 26. Nf3 d4 27. Bg5 Ne5 28.
Bxf6 Nxf3+ 29. gxf3 gxf6 30. Ne4 Kf7 31. Nd6+ Kf8 32. Nxe8 Rxe8 33. Rxe8+ Kxe8
34. Kg2 Bc6 35. Kg3 Kf7 36. Rd1 b5 37. c3 dxc3 38. bxc3 Ke7 39. b4 cxb4 40.
cxb4 Ke6 41. Rd8 Ke7 42. Rh8 Kd6 43. Rxh7 Ke5 44. Rh4 1-0

[Event "C.to Provnciale NU-OR-OT"]
[Site "Siniscola ITA"]
[Date "2015.02.14"]
[Round "4"]
[White "Spiga, Sandro"]
[Black "Di Pinto, Vincenzo"]
[WhiteElo "1440"]
[BlackElo "1633"]
[Result "0-1"]
[PlyCount "90"]
[EventDate "2015.02.07"]

1. e4 c5 2. Nf3 d6 3. d4 cxd4 4. Nxd4 Nf6 5. Nc3 a6 6. Be2 e6 7. Bg5 Be7 8. O-O
O-O 9. Nf3 Qc7 10. Qd2 h6 11. Bf4 e5 12. Be3 Be6 13. Nd5 Nxd5 14. exd5 Bf5 15.
c4 Nd7 16. b4 Nf6 17. Qc1 Ng4 18. Bd2 Bh7 19. h3 Nf6 20. a4 Ne4 21. Bd3 Nxd2
22. Bxh7+ Kxh7 23. Nxd2 f5 24. Ra3 Qb6 25. Qb1 e4 26. a5 Qd4 27. Re1 Qxd2 28.
Rd1 Qe2 29. Qc1 Rac8 30. Rc3 Bg5 31. Re1 Qh5 32. Qd1 Qf7 33. g3 Bf6 34. Rc2 Be5
35. f4 exf3 36. Qxf3 f4 37. g4 Bd4+ 38. Kg2 Be3 39. Rce2 Rxc4 40. Rxe3 fxe3 41.
Qxf7 Rc2+ 42. Kf3 Rxf7+ 43. Kxe3 Re7+ 44. Kd3 Rxe1 45. Kxc2 Rh1 0-1